000 00751nam a2200205Ia 4500
003 GCL
008 140319s9999 xx 000 0 ara d
040 _aGCL /
_cGCL
082 0 4 _a346.086
_bم ت
100 1 _aمحمد حسين منصور
245 1 0 _aالتامينات الاجتماعية: دراسة عملية للشريعات الحدبثة من خلال التطبقات القضائية /
_cمحمد حسين منصور
260 _a[S.N] :
_bمنشاة المعارف الاسلامية
300 _a514 ص
490 _aالكتب القانونية
_v0
650 0 4 _aالقانون
650 0 4 _aقوانين وتشريعات
650 0 4 _aالتأمين
650 0 4 _aالتأمينات الاجتماعية
942 _2ddc
_cBK
999 _c38382
_d38382